000 00485nam a2200193Ia 4500
005 20250603144633.0
008 250603s9999 xx 000 0 und d
020 _a9780470859032
050 _aQD 75.2 .R68/
100 _aRouessac, Francis
245 0 _aChemical analysis: modern instrumentation methods and techniques
250 _a2nd ed.
260 _aEngland
260 _bJohn wiley & sons Ltd.
260 _c2010
300 _a574 p
650 _aEngland
942 _cBK
999 _c39509
_d39509